Statistiche per Comuni della Lombardia (con mappa)

Clicka qui per fare il quiz!

Statistiche generali

  • Questo quiz è stato fatto 3.498 volte
    (1.072 dall'ultimo reset)
  • Il punteggio medio è 129 su 1522

Risposte nella Mappa

Le risposte nella mappa del quiz sottostante sono codificate secondo una scala di colori dal rosso al verde in base alla % di persone che hanno risposto correttamente.
 

Statistiche sulle risposte

Comune% Corretto
Milano
92%
Bergamo
89%
Brescia
88%
Monza
87%
Como
86%
Lecco
84%
Mantova
83%
Sondrio
83%
Cremona
82%
Pavia
82%
Rho
82%
Lodi
81%
Varese
80%
Crema
65%
Sesto San Giovanni
56%
Busto Arsizio
53%
Cinisello Balsamo
52%
Abbiategrasso
47%
Livigno
47%
Gallarate
46%
Rozzano
44%
Sirmione
43%
Desenzano del Garda
42%
Bormio
41%
Cologno Monzese
41%
Gorgonzola
41%
Legnano
41%
San Donato Milanese
41%
Iseo
40%
Magenta
40%
Vigevano
39%
Codogno
38%
Desio
38%
Salò
38%
Arcore
37%
Seregno
37%
Treviglio
37%
Assago
36%
Campione d'Italia
36%
Orio al Serio
36%
Pero
36%
Segrate
36%
Vimercate
36%
Cernusco sul Naviglio
35%
Erba
35%
Saronno
35%
Cantù
34%
San Giuliano Milanese
34%
Trezzo sull'Adda
34%
Bellagio
33%
Ponte di Legno
33%
Voghera
32%
Lissone
31%
Paderno Dugnano
31%
Arese
30%
Brembate
30%
Dalmine
30%
Limone sul Garda
30%
Melegnano
30%
Seriate
30%
Tirano
30%
Pioltello
29%
Bollate
28%
Casalpusterlengo
28%
Edolo
28%
Gessate
28%
Settimo Milanese
27%
Corsico
26%
Lainate
26%
Melzo
26%
Agra
25%
Alzano Lombardo
25%
Asso
25%
Chiavenna
25%
Meda
25%
Morbegno
25%
Palazzolo sull'Oglio
25%
Trezzano sul Naviglio
25%
Carate Brianza
24%
Caravaggio
24%
Cassano d'Adda
24%
Chiari
24%
Cusano Milanino
24%
Peschiera Borromeo
24%
Vimodrone
24%
Buccinasco
23%
Cesano Boscone
23%
Muggiò
23%
Rovato
23%
Seveso
23%
Albino
22%
Busto Garolfo
22%
Carugate
22%
Colico
22%
Isso
22%
Lovere
22%
Merate
22%
Montichiari
22%
Novate Milanese
22%
Opera
22%
Orzinuovi
22%
Romano di Lombardia
22%
San Pellegrino Terme
22%
Aprica
21%
Bellano
21%
Bresso
21%
Brugherio
21%
Calolziocorte
21%
Cernobbio
21%
Cormano
21%
Lentate sul Seveso
21%
Nova Milanese
21%
Arluno
20%
Cesano Maderno
20%
Garbagnate Milanese
20%
Gardone Riviera
20%
Giussano
20%
Paullo
20%
Sesto Calende
20%
Usmate Velate
20%
Varenna
20%
Albairate
19%
Castiglione delle Stiviere
19%
Clusone
19%
Darfo Boario Terme
19%
Ghedi
19%
Idro
19%
Limbiate
19%
Luino
19%
Nembro
19%
Ospitaletto
19%
San Colombano al Lambro
19%
Sarnico
19%
Agrate Brianza
18%
Almè
18%
Baranzate
18%
Lodi Vecchio
18%
Lumezzane
18%
Mariano Comense
18%
Parabiago
18%
Suzzara
18%
Abbadia Lariana
17%
Brembate di Sopra
17%
Calcio
17%
Canzo
17%
Cassina de Pecchi
17%
Curno
17%
Leffe
17%
Madesimo
17%
Mandello del Lario
17%
Manerbio
17%
Mortara
17%
Olginate
17%
Osio Sopra
17%
Osio Sotto
17%
Ponte San Pietro
17%
Soresina
17%
Teglio
17%
Biassono
16%
Binasco
16%
Concorezzo
16%
Foppolo
16%
Inveruno
16%
Olgiate Olona
16%
Orzivecchi
16%
Pontida
16%
Rescaldina
16%
Somma Lombardo
16%
Zogno
16%
Bagnolo Mella
15%
Breno
15%
Canegrate
15%
Carnate
15%
Costa Volpino
15%
Dongo
15%
Lesmo
15%
Lonato del Garda
15%
Menaggio
15%
Monte Isola
15%
Pisogne
15%
Rezzato
15%
Stezzano
15%
Temù—
15%
Toscolano-Maderno
15%
Travagliato
15%
Villa d'Almè
15%
Villasanta
15%
Busnago
14%
Capriate San Gervasio
14%
Castano Primo
14%
Castellanza
14%
Cisano Bergamasco
14%
Civate
14%
Cologno al Serio
14%
Cusago
14%
Dervio
14%
Fara Gera d'Adda
14%
Inzago
14%
Lonate Pozzolo
14%
Mapello
14%
Padenghe sul Garda
14%
Sant'Angelo Lodigiano
14%
Sotto il Monte Giovanni XXIII
14%
Valfurva
14%
Vaprio d'Adda
14%
Zanica
14%
Angera
13%
Appiano Gentile
13%
Berbenno
13%
Besana in Brianza
13%
Bonate Sopra
13%
Bonate Sotto
13%
Brivio
13%
Bussero
13%
Casalmaggiore
13%
Castione della Presolana
13%
Castro
13%
Cermenate
13%
Cesate
13%
Corbetta
13%
Cornate d'Adda
13%
Ferno
13%
Gussago
13%
Manerba del Garda
13%
Nerviano
13%
Oggiono
13%
Olgiate Comasco
13%
Pandino
13%
San Giovanni Bianco
13%
San Paolo
13%
Scanzorosciate
13%
Selvino
13%
Sondalo
13%
Stradella
13%
Trescore Balneario
13%
Valdidentro
13%
Adro
12%
Almenno San Bartolomeo
12%
Almenno San Salvatore
12%
Ambivere
12%
Arconate
12%
Arosio
12%
Barzio
12%
Calcinate
12%
Calco
12%
Cambiago
12%
Caprino Bergamasco
12%
Caronno Pertusella
12%
Casatenovo
12%
Cassano Magnago
12%
Castel Mella
12%
Certosa di Pavia
12%
Chiuro
12%
Concesio
12%
Cornaredo
12%
Erbusco
12%
Esine
12%
Gaggiano
12%
Gardone Val Trompia
12%
Garlasco
12%
Grosio
12%
Grumello del Monte
12%
Inverigo
12%
Lazzate
12%
Leno
12%
Liscate
12%
Lomazzo
12%
Mese
12%
Osnago
12%
Pescate
12%
Pieve Emanuele
12%
Renate
12%
Roncadelle
12%
Schilpario
12%
Senago
12%
Solaro
12%
Solbiate
12%
Soncino
12%
Sonico
12%
Tradate
12%
Truccazzano
12%
Uboldo
12%
Valmadrera
12%
Varedo
12%
Verdellino
12%
Verdello
12%
Vermezzo
12%
Villa di Tirano
12%
Ardesio
11%
Bagolino
11%
Ballabio
11%
Bovisio-Masciago
11%
Broni
11%
Brunate
11%
Calusco d'Adda
11%
Ceriano Laghetto
11%
Domaso
11%
Macherio
11%
Merone
11%
Misinto
11%
Moniga del Garda
11%
Morterone
11%
Motta Visconti
11%
Nave
11%
Origgio
11%
Paratico
11%
Pizzighettone
11%
Rivolta d'Adda
11%
Rodengo Saiano
11%
Samarate
11%
San Zenone al Lambro
11%
Sulzano
11%
Trezzano Rosa
11%
Turate
11%
Valdisotto
11%
Vignate
11%
Vittuone
11%
Airuno
10%
Albano Sant'Alessandro
10%
Albiate
10%
Alzate Brianza
10%
Anfo
10%
Azzano San Paolo
10%
Bareggio
10%
Borno
10%
Bosisio Parini
10%
Branzi
10%
Calvisano
10%
Carugo
10%
Castelleone
10%
Cenate Sopra
10%
Cenate Sotto
10%
Cene
10%
Cernusco Lombardone
10%
Cerro Maggiore
10%
Chiesa in Valmalenco
10%
Cogliate
10%
Costa Masnaga
10%
Cuggiono
10%
Dairago
10%
Flero
10%
Galbiate
10%
Gargnano
10%
Gavardo
10%
Goito
10%
Grandate
10%
Grosotto
10%
Lallio
10%
Laveno-Mombello
10%
Locate di Triulzi
10%
Magnago
10%
Malnate
10%
Missaglia
10%
Molteno
10%
Monno
10%
Morimondo
10%
Mozzate
10%
Nibionno
10%
Pogliano Milanese
10%
Porlezza
10%
Pusiano
10%
Ranica
10%
Rogno
10%
Sale Marasino
10%
San Giorgio su Legnano
10%
Serina
10%
Settala
10%
Taleggio
10%
Triuggio
10%
Turbigo
10%
Urgnano
10%
Vanzaghello
10%
Vanzago
10%
Vedano al Lambro
10%
Vercurago
10%
Verolanuova
10%
Vezza d'Oglio
10%
Viganò
10%
Villa Cortese
10%
Villa di Serio
10%
Zone
10%
Albavilla
9%
Antegnate
9%
Ardenno
9%
Asola
9%
Azzano Mella
9%
Azzate
9%
Barzanò
9%
Bedizzole
9%
Bellusco
9%
Bernareggio
9%
Borgo San Giacomo
9%
Briosco
9%
Cabiate
9%
Calcinato
9%
Campodolcino
9%
Capo di Ponte
9%
Capriolo
9%
Carimate
9%
Carona
9%
Carpenedolo
9%
Casazza
9%
Casorezzo
9%
Casteggio
9%
Castegnato
9%
Castenedolo
9%
Castrezzato
9%
Cavenago di Brianza
9%
Cazzago San Martino
9%
Cerro al Lambro
9%
Chignolo d'Isola
9%
Cividate Camuno
9%
Coccaglio
9%
Corteno Golgi
9%
Cosio Valtellino
9%
Costa Valle Imagna
9%
Covo
9%
Endine Gaiano
9%
Esino Lario
9%
Fino Mornasco
9%
Gambara
9%
Gandino
9%
Garlate
9%
Ghisalba
9%
Gorlago
9%
Gorle
9%
Grassobbio
9%
Gromo
9%
Imbersago
9%
Incudine
9%
Induno Olona
9%
Introbio
9%
Isorella
9%
Lierna
9%
Malgrate
9%
Malonno
9%
Marcallo con Casone
9%
Marone
9%
Martinengo
9%
Mazzano
9%
Mediglia
9%
Medolago
9%
Moltrasio
9%
Montevecchia
9%
Mozzo
9%
Novate Mezzola
9%
Olgiate Molgora
9%
Ornago
9%
Ostiglia
9%
Paderno d'Adda
9%
Piadena
9%
Pian Camuno
9%
Piancogno
9%
Piazza Brembana
9%
Piazzatorre
9%
Piuro
9%
Ponteranica
9%
Pontoglio
9%
Pozzolengo
9%
Presezzo
9%
Quinzano d'Oglio
9%
Robecco sul Naviglio
9%
Rosate
9%
Rovetta
9%
Sabbioneta
9%
San Felice del Benaco
9%
San Fermo della Battaglia
9%
Sant'Omobono Terme
9%
San Vittore Olona
9%
Sovere
9%
Sovico
9%
Torbole Casaglia
9%
Torre de Busi
9%
Treviolo
9%
Valbondione
9%
Varzi
9%
Verolavecchia
9%
Vestone
9%
Viadana
9%
Villa d'Adda
9%
Vizzolo Predabissi
9%
Vobarno
9%
Zibido San Giacomo
9%
Acquafredda
8%
Adrara San Martino
8%
Aicurzio
8%
Albese con Cassano
8%
Angolo Terme
8%
Annone di Brianza
8%
Arcisate
8%
Artogne
8%
Barlassina
8%
Basiano
8%
Basiglio
8%
Bereguardo
8%
Berzo Demo
8%
Bienno
8%
Borgosatollo
8%
Bottanuco
8%
Botticino
8%
Bovezzo
8%
Brusaporto
8%
Bulciago
8%
Buscate
8%
Castelcovati
8%
Casto
8%
Cellatica
8%
Chiuduno
8%
Cislago
8%
Collio
8%
Comun Nuovo
8%
Cusio
8%
Dello
8%
Dossena
8%
Dubino
8%
Eupilio
8%
Garbagnate Monastero
8%
Gavirate
8%
Gazzaniga
8%
Gera Lario
8%
Gerenzano
8%
Gorla Maggiore
8%
Gorla Minore
8%
Gravedona ed Uniti
8%
Gudo Visconti
8%
Lacchiarella
8%
Lipomo
8%
Livo
8%
Lurago d'Erba
8%
Mello
8%
Mezzago
8%
Mozzanica
8%
Nosate
8%
Offanengo
8%
Oliveto Lario
8%
Oltre il Colle
8%
Ome
8%
Ossona
8%
Ozzero
8%
Paderno Franciacorta
8%
Palazzago
8%
Pantigliate
8%
Pasturo
8%
Pessano con Bornago
8%
Piantedo
8%
Polpenazze del Garda
8%
Ponte Lambro
8%
Pontevico
8%
Porto Ceresio
8%
Pozzo d'Adda
8%
Pozzuolo Martesana
8%
Premana
8%
Provaglio d'Iseo
8%
Sabbio Chiese
8%
San Siro
8%
San Zeno Naviglio
8%
Sarezzo
8%
Sedriano
8%
Sorico
8%
Sorisole
8%
Spino d'Adda
8%
Suisio
8%
Sulbiate
8%
Tavernerio
8%
Terno d'Isola
8%
Tignale
8%
Torre Boldone
8%
Torre de Roveri
8%
Tremosine sul Garda
8%
Treviso Bresciano
8%
Urago d'Oglio
8%
Valbrembo
8%
Valtorta
8%
Valvestino
8%
Verano Brianza
8%
Vergiate
8%
Vertova
8%
Villa Carcina
8%
Vilminore di Scalve
8%
Vione
8%
Volta Mantovana
8%
Zelo Buon Persico
8%
Adrara San Rocco
7%
Agnosine
7%
Albizzate
7%
Algua
7%
Alserio
7%
Alta Valle Intelvi
7%
Andalo Valtellino
7%
Anzano del Parco
7%
Arcene
7%
Arzago d'Adda
7%
Aviatico
7%
Bagnatica
7%
Barbariga
7%
Bariano
7%
Barni
7%
Barzago
7%
Bassano Bresciano
7%
Bellinzago Lombardo
7%
Berbenno di Valtellina
7%
Bernate Ticino
7%
Berzo Inferiore
7%
Besate
7%
Besnate
7%
Brebbia
7%
Brenna
7%
Brignano Gera d'Adda
7%
Brione
7%
Bulgarograsso
7%
Burago di Molgora
7%
Caino
7%
Calvagese della Riviera
7%
Canonica d'Adda
7%
Cardano al Campo
7%
Casirate d'Adda
7%
Casnigo
7%
Casorate Primo
7%
Castelli Calepio
7%
Castiglione Olona
7%
Cavernago
7%
Cesana Brianza
7%
Ceto
7%
Cevo
7%
Ciserano
7%
Cisliano
7%
Cividate al Piano
7%
Colere
7%
Cologne
7%
Corte Franca
7%
Cortenova
7%
Costa Serina
7%
Cucciago
7%
Delebio
7%
Dolzago
7%
Dorio
7%
Dovera
7%
Ello
7%
Erve
7%
Fiesse
7%
Filago
7%
Fontanella
7%
Gottolengo
7%
Grezzago
7%
Irma
7%
Jerago con Orago
7%
Laglio
7%
Lanzada
7%
La Valletta Brianza
7%
Lavenone
7%
Lenna
7%
Locate Varesino
7%
Lomagna
7%
Lurate Caccivio
7%
Madone
7%
Magasa
7%
Magreglio
7%
Masate
7%
Mazzo di Valtellina
7%
Monguzzo
7%
Montello
7%
Monticelli Brusati
7%
Monticello Brianza
7%
Montirone
7%
Mornico al Serio
7%
Muscoline
7%
Nesso
7%
Niardo
7%
Novedrate
7%
Nuvolera
7%
Odolo
7%
Onore
7%
Orsenigo
7%
Ossimo
7%
Palosco
7%
Parre
7%
Passirano
7%
Pedrengo
7%
Perledo
7%
Polaveno
7%
Pompiano
7%
Poncarale
7%
Ponte in Valtellina
7%
Ponte Nossa
7%
Pregnana Milanese
7%
Prevalle
7%
Primaluna
7%
Ranzanico
7%
Remedello
7%
Robbiate
7%
Robecchetto con Induno
7%
Roccafranca
7%
Rodano
7%
Ronco Briantino
7%
Rovello Porro
7%
Rudiano
7%
San Benedetto Po
7%
San Martino Siccomario
7%
San Paolo d'Argon
7%
Santo Stefano Ticino
7%
Sedrina
7%
Sellero
7%
Solbiate Olona
7%
Solferino
7%
Solto Collina
7%
Sormano
7%
Suello
7%
Tavernola Bergamasca
7%
Telgate
7%
Traona
7%
Tremezzina
7%
Trenzano
7%
Tribiano
7%
Val Brembilla
7%
Valgreghentino
7%
Val Masino
7%
Vedano Olona
7%
Veduggio con Colzano
7%
Verderio
7%
Viggiù
7%
Villa di Chiavenna
7%
Villanuova sul Clisi
7%
Visano
7%
Alfianello
6%
Argegno
6%
Berzo San Fermo
6%
Bione
6%
Blello
6%
Blevio
6%
Boffalora sopra Ticino
6%
Bolgare
6%
Boltiere
6%
Borgo Virgilio
6%
Bovegno
6%
Bracca
6%
Braone
6%
Brumano
6%
Bubbiano
6%
Buguggiate
6%
Cadorago
6%
Caglio
6%
Calvenzano
6%
Camerata Cornello
6%
Canneto sull'Oglio
6%
Capovalle
6%
Capralba
6%
Capriano del Colle
6%
Carate Urio
6%
Carenno
6%
Carlazzo
6%
Carpiano
6%
Carvico
6%
Caslino d'Erba
6%
Casorate Sempione
6%
Caspoggio
6%
Castel Goffredo
6%
Castello di Brianza
6%
Castelmarte
6%
Cedegolo
6%
Cerete
6%
Cerveno
6%
Cimbergo
6%
Cino
6%
Cirimido
6%
Civo
6%
Collebeato
6%
Colle Brianza
6%
Comezzano-Cizzago
6%
Corzano
6%
Costa di Mezzate
6%
Cremella
6%
Cremeno
6%
Dresano
6%
Entratico
6%
Faggeto Lario
6%
Fara Olivana con Sola
6%
Fiorano al Serio
6%
Foresto Sparso
6%
Fuipiano Valle Imagna
6%
Gianico
6%
Gorno
6%
Gropello Cairoli
6%
Introzzo
6%
Isola di Fondra
6%
Ispra
6%
Lambrugo
6%
Levate
6%
Lezzeno
6%
Lodrino
6%
Lomello
6%
Longhena
6%
Losine
6%
Lozio
6%
Maclodio
6%
Mairano
6%
Malegno
6%
Marcheno
6%
Marnate
6%
Mesero
6%
Mezzoldo
6%
Misano di Gera d'Adda
6%
Moggio
6%
Moio de Calvi
6%
Montagna in Valtellina
6%
Montano Lucino
6%
Monte Marenzo
6%
Monzambano
6%
Morengo
6%
Mura
6%
Nuvolento
6%
Offlaga
6%
Olmeneta
6%
Ono San Pietro
6%
Ospedaletto Lodigiano
6%
Paisco Loveno
6%
Paitone
6%
Paladina
6%
Paspardo
6%
Pavone del Mella
6%
Peia
6%
Pertica Alta
6%
Pertica Bassa
6%
Pezzaze
6%
Piateda
6%
Poggio Rusco
6%
Poggiridenti
6%
Pontirolo Nuovo
6%
Pradalunga
6%
Predore
6%
Preseglie
6%
Puegnago sul Garda
6%
Riva di Solto
6%
Robecco d'Oglio
6%
Roè Volciano
6%
Rogeno
6%
Roncello
6%
Roncobello
6%
Roncola
6%
Rovellasca
6%
Sala Comacina
6%
San Gervasio Bresciano
6%
Saviore dell'Adamello
6%
Seniga
6%
Serle
6%
Sermide
6%
Soiano del Lago
6%
Solbiate Arno
6%
Solza
6%
Spirano
6%
Taceno
6%
Talamona
6%
Tavernole sul Mella
6%
Torno
6%
Trescore Cremasco
6%
Vailate
6%
Valbrona
6%
Valeggio
6%
Valleve
6%
Venegono Inferiore
6%
Venegono Superiore
6%
Vercana
6%
Vertemate con Minoprio
6%
Villa d'Ogna
6%
Villongo
6%
Albaredo per San Marco
5%
Azzone
5%
Bagnolo Cremasco
5%
Barbata
5%
Barghe
5%
Bedulita
5%
Belgioioso
5%
Besozzo
5%
Bianzone
5%
Borgo di Terzo
5%
Bossico
5%
Bozzolo
5%
Brienno
5%
Camparada
5%
Capiago Intimiano
5%
Caponago
5%
Carbonate
5%
Casargo
5%
Casarile
5%
Cassago Brianza
5%
Cassina Valsassina
5%
Cassinetta di Lugagnano
5%
Castel Rozzone
5%
Castiglione d'Adda
5%
Castione Andevenno
5%
Castronno
5%
Cava Manara
5%
Cazzano Sant'Andrea
5%
Centro Valle Intelvi
5%
Cigole
5%
Colturano
5%
Colverde
5%
Colzate
5%
Cortenuova
5%
Crandola Valsassina
5%
Dorno
5%
Fagnano Olona
5%
Felonica
5%
Fenegrò
5%
Garzeno
5%
Gazzada Schianno
5%
Gerola Alta
5%
Giussago
5%
Landriano
5%
Lavena Ponte Tresa
5%
Limido Comasco
5%
Locatello
5%
Lograto
5%
Longone al Segrino
5%
Madignano
5%
Maleo
5%
Margno
5%
Marmentino
5%
Maslianico
5%
Mede
5%
Merlino
5%
Milzano
5%
Noviglio
5%
Olmo al Brembo
5%
Oneta
5%
Ornica
5%
Pagazzano
5%
Pagnona
5%
Peglio
5%
Pegognaga
5%
Ponti sul Mincio
5%
Porto Mantovano
5%
Postalesio
5%
Pralboino
5%
Prata Camportaccio
5%
Premolo
5%
Provaglio Val Sabbia
5%
Rogolo
5%
Romanengo
5%
Rota d'Imagna
5%
San Giacomo Filippo
5%
Santa Brigida
5%
Santa Maria Hoè
5%
Senna Comasco
5%
Sirone
5%
Sirtori
5%
Spinone al Lago
5%
Tremenico
5%
Tresivio
5%
Trezzone
5%
Ubiale Clanezzo
5%
Uggiate-Trevano
5%
Valgoglio
5%
Vallio Terme
5%
Vedeseta
5%
Veleso
5%
Verceia
5%
Villachiara
5%
Villa Guardia
5%
Zelbio
5%
Abbadia Cerreto
4%
Acquanegra Cremonese
4%
Agnadello
4%
Albosaggia
4%
Arsago Seprio
4%
Averara
4%
Barzana
4%
Bene Lario
4%
Berlingo
4%
Bianzano
4%
Binago
4%
Bizzarone
4%
Brandico
4%
Bregnano
4%
Cagno
4%
Caiolo
4%
Cairate
4%
Calvignasco
4%
Cantello
4%
Capizzone
4%
Carnago
4%
Carobbio degli Angeli
4%
Casalbuttano ed Uniti
4%
Casaletto Vaprio
4%
Casei Gerola
4%
Casnate con Bernate
4%
Cassiglio
4%
Castel Gabbiano
4%
Castelverde
4%
Cavargna
4%
Cercino
4%
Chieve
4%
Chignolo Po
4%
Cittiglio
4%
Colonno
4%
Corna Imagna
4%
Cornalba
4%
Correzzana
4%
Cremia
4%
Curtatone
4%
Dazio
4%
Dosso del Liro
4%
Drizzona
4%
Faloppio
4%
Fiesco
4%
Figino Serenza
4%
Fino del Monte
4%
Fonteno
4%
Forcola
4%
Fornovo San Giovanni
4%
Gandellino
4%
Gandosso
4%
Gaverina Terme
4%
Golasecca
4%
Gonzaga
4%
Gordona
4%
Grandola ed Uniti
4%
Griante
4%
Guanzate
4%
Lasnigo
4%
Leggiuno
4%
Luisago
4%
Lurago Marinone
4%
Lurano
4%
Luzzana
4%
Maccagno con Pino e Veddasca
4%
Mantello
4%
Marmirolo
4%
Medole
4%
Monasterolo del Castello
4%
Montemezzo
4%
Montorfano
4%
Moscazzano
4%
Musso
4%
Oltressenda Alta
4%
Palazzo Pignano
4%
Palestro
4%
Parlasco
4%
Parzanica
4%
Pedesina
4%
Pianello del Lario
4%
Pianico
4%
Piario
4%
Piazzolo
4%
Pigra
4%
Pognana Lario
4%
Pognano
4%
Ponna
4%
Proserpio
4%
Pumenengo
4%
Rezzago
4%
Robbio
4%
Ronago
4%
Roverbella
4%
Samolaco
4%
San Rocco al Porto
4%
Sesto ed Uniti
4%
Songavazzo
4%
Stazzona
4%
Sueglio
4%
Tartano
4%
Ticengo
4%
Torre Pallavicina
4%
Tovo di Sant'Agata
4%
Travedona-Monate
4%
Vaiano Cremasco
4%
Valmorea
4%
Valnegra
4%
Val Rezzo
4%
Valsolda
4%
Vendrogno
4%
Vervio
4%
Vestreno
4%
Vigolo
4%
Vizzola Ticino
4%
Zandobbio
4%
Zavattarello
4%
Zelo Surrigone
4%
Acquanegra sul Chiese
3%
Albiolo
3%
Albuzzano
3%
Arena Po
3%
Bagnolo San Vito
3%
Bema
3%
Beregazzo con Figliaro
3%
Biandronno
3%
Blessagno
3%
Bodio Lomnago
3%
Bressana Bottarone
3%
Buglio in Monte
3%
Cadrezzate
3%
Camisano
3%
Capergnanica
3%
Carbonara al Ticino
3%
Cassina Rizzardi
3%
Cassolnovo
3%
Castel d'Ario
3%
Castello dell'Acqua
3%
Cavaria con Premezzo
3%
Cavenago d'Adda
3%
Cavriana
3%
Cedrasco
3%
Cerano d'Intelvi
3%
Claino con Osteno
3%
Clivio
3%
Cocquio-Trevisago
3%
Colorina
3%
Comazzo
3%
Corrido
3%
Credaro
3%
Credera Rubbiano
3%
Cremosano
3%
Cusino
3%
Cuvio
3%
Dizzasco
3%
Dosolo
3%
Faedo Valtellino
3%
Formigara
3%
Fusine
3%
Gemonio
3%
Godiasco Salice Terme
3%
Grone
3%
Grumello Cremonese ed Uniti
3%
Guardamiglio
3%
Guidizzolo
3%
Isola Dovarese
3%
Izano
3%
Laino
3%
Lovero
3%
Marcaria
3%
Miradolo Terme
3%
Montebello della Battaglia
3%
Montodine
3%
Morazzone
3%
Mulazzano
3%
Oltrona di San Mamette
3%
Osmate
3%
Ostiano
3%
Plesio
3%
Quintano
3%
Quistello
3%
Rasura
3%
Revere
3%
Ripalta Arpina
3%
Ripalta Cremasca
3%
Ripalta Guerina
3%
Rodero
3%
Salvirola
3%
San Bartolomeo Val Cavargna
3%
San Daniele Po
3%
San Giorgio di Mantova
3%
San Giovanni in Croce
3%
Sannazzaro de Burgondi
3%
San Nazzaro Val Cavargna
3%
Santo Stefano Lodigiano
3%
Schignano
3%
Sergnano
3%
Sernio
3%
Siziano
3%
Somaglia
3%
Sordio
3%
Sospiro
3%
Spinadesco
3%
Spriana
3%
Strozza
3%
Sustinente
3%
Ternate
3%
Travacò Siccomario
3%
Trigolo
3%
Veniano
3%
Vernate
3%
Vescovato
3%
Viadanica
3%
Villa Poma
3%
Alagna
2%
Albonese
2%
Annicco
2%
Azzanello
2%
Bagnaria
2%
Barbianello
2%
Bardello
2%
Bascapè
2%
Bertonico
2%
Besano
2%
Bigarello
2%
Bisuschio
2%
Boffalora d'Adda
2%
Bonemerse
2%
Bordolano
2%
Borgarello
2%
Borghetto Lodigiano
2%
Borgo Priolo
2%
Brallo di Pregola
2%
Brembio
2%
Breme
2%
Brenta
2%
Brinzio
2%
Brusimpiano
2%
Calvatone
2%
Camairago
2%
Campagnola Cremasca
2%
Candia Lomellina
2%
Canevino
2%
Cappella Cantone
2%
Caravate
2%
Caronno Varesino
2%
Casale Cremasco-Vidolasco
2%
Casaletto Ceredano
2%
Casaletto di Sopra
2%
Casalmaiocco
2%
Casalmorano
2%
Casalromano
2%
Casatisma
2%
Casciago
2%
Castelbelforte
2%
Castellucchio
2%
Castelnuovo Bozzente
2%
Castelseprio
2%
Castelvisconti
2%
Cella Dati
2%
Ceresara
2%
Cervesina
2%
Cervignano d'Adda
2%
Cicognolo
2%
Comabbio
2%
Commessaggio
2%
Corte de Frati
2%
Cozzo
2%
Cremenaga
2%
Crespiatica
2%
Crotta d'Adda
2%
Cumignano sul Naviglio
2%
Cunardo
2%
Cuveglio
2%
Daverio
2%
Derovere
2%
Fombio
2%
Fortunago
2%
Gadesco-Pieve Delmona
2%
Gambolò
2%
Genivolta
2%
Gerenzago
2%
Germignaga
2%
Gombito
2%
Graffignana
2%
Gravellona Lomellina
2%
Gussola
2%
Lonate Ceppino
2%
Lozza
2%
Lungavilla
2%
Mairago
2%
Malagnino
2%
Martignana di Po
2%
Meleti
2%
Moglia
2%
Montanaso Lombardo
2%
Monte Cremasco
2%
Mornago
2%
Motta Baluffi
2%
Orino
2%
Ottobiano
2%
Paderno Ponchielli
2%
Parona
2%
Persico Dosimo
2%
Pescarolo ed Uniti
2%
Pessina Cremonese
2%
Pianengo
2%
Pieranica
2%
Pieve del Cairo
2%
Pieve Fissiraga
2%
Pinarolo Po
2%
Pomponesco
2%
Portalbera
2%
Quingentole
2%
Rancio Valcuvia
2%
Ranco
2%
Rea
2%
Ricengo
2%
Rivanazzano Terme
2%
Rivarolo del Re ed Uniti
2%
Rivarolo Mantovano
2%
Roncoferraro
2%
Salerano sul Lambro
2%
San Bassano
2%
San Martino del Lago
2%
San Martino in Strada
2%
Sant'Alessio con Vialone
2%
Sartirana Lomellina
2%
Scandolara Ravara
2%
Scandolara Ripa d'Oglio
2%
Senna Lodigiana
2%
Stagno Lombardo
2%
Sumirago
2%
Taino
2%
Tavazzano con Villavesco
2%
Torre de Picenardi
2%
Torre di Santa Maria
2%
Torre d'Isola
2%
Valganna
2%
Valverde
2%
Varano Borghi
2%
Vidigulfo
2%
Vigano San Martino
2%
Villimpenta
2%
Zeme
2%
Albaredo Arnaboldi
1%
Azzio
1%
Badia Pavese
1%
Barasso
1%
Bastida Pancarana
1%
Battuda
1%
Bedero Valcuvia
1%
Borgofranco sul Po
1%
Borgoratto Mormorolo
1%
Borgo San Giovanni
1%
Borgo San Siro
1%
Bornasco
1%
Bosnasco
1%
Bregano
1%
Brezzo di Bedero
1%
Brunello
1%
Ca d'Andrea
1%
Cadegliano-Viconago
1%
Calvignano
1%
Campospinoso
1%
Canneto Pavese
1%
Cappella de Picenardi
1%
Carbonara di Po
1%
Casale Litta
1%
Casaletto Lodigiano
1%
Casalmoro
1%
Casaloldo
1%
Casalzuigno
1%
Casanova Lonati
1%
Caselle Landi
1%
Caselle Lurani
1%
Cassano Valcuvia
1%
Castana
1%
Casteldidone
1%
Castelletto di Branduzzo
1%
Castello Cabiaglio
1%
Castello d'Agogna
1%
Castelnovetto
1%
Castelnuovo Bocca d'Adda
1%
Castelveccana
1%
Castiraga Vidardo
1%
Cavacurta
1%
Cazzago Brabbia
1%
Cecima
1%
Ceranova
1%
Ceretto Lomellina
1%
Cergnago
1%
Cigognola
1%
Cilavegna
1%
Cingia de Botti
1%
Codevilla
1%
Comerio
1%
Confienza
1%
Copiano
1%
Corana
1%
Cornale e Bastida
1%
Cornegliano Laudense
1%
Corno Giovine
1%
Cornovecchio
1%
Corte de Cortesi con Cignone
1%
Corteolona e Genzone
1%
Corte Palasio
1%
Corvino San Quirico
1%
Costa de Nobili
1%
Crosio della Valle
1%
Cuasso al Monte
1%
Cugliate-Fabiasco
1%
Cura Carpignano
1%
Curiglia con Monteviasco
1%
Dumenza
1%
Duno
1%
Ferrera di Varese
1%
Ferrera Erbognone
1%
Filighera
1%
Frascarolo
1%
Gabbioneta-Binanuova
1%
Galgagnano
1%
Galliate Lombardo
1%
Gambarana
1%
Gazoldo degli Ippoliti
1%
Gazzuolo
1%
Gerre de Caprioli
1%
Golferenzo
1%
Gornate Olona
1%
Grantola
1%
Grontardo
1%
Inarzo
1%
Inverno e Monteleone
1%
Langosco
1%
Lardirago
1%
Linarolo
1%
Lirio
1%
Livraga
1%
Luvinate
1%
Maccastorna
1%
Magherno
1%
Magnacavallo
1%
Malgesso
1%
Marchirolo
1%
Marcignago
1%
Mariana Mantovana
1%
Marudo
1%
Marzano
1%
Marzio
1%
Masciago Primo
1%
Massalengo
1%
Menconico
1%
Mercallo
1%
Mesenzana
1%
Mezzana Bigli
1%
Mezzanino
1%
Montalto Pavese
1%
Montecalvo Versiggia
1%
Montegrino Valtravaglia
1%
Monticelli Pavese
1%
Monvalle
1%
Mornico Losana
1%
Motteggiana
1%
Nicorvo
1%
Oggiona con Santo Stefano
1%
Olevano di Lomellina
1%
Oliva Gessi
1%
Orio Litta
1%
Ossago Lodigiano
1%
Pietra de Giorgi
1%
Pieve di Coriano
1%
Pieve d'Olmi
1%
Pieve Porto Morone
1%
Pieve San Giacomo
1%
Piubega
1%
Pizzale
1%
Ponte Nizza
1%
Porto Valtravaglia
1%
Pozzaglio ed Uniti
1%
Redavalle
1%
Redondesco
1%
Retorbido
1%
Robecco Pavese
1%
Rocca de Giorgi
1%
Rocca Susella
1%
Rodigo
1%
Romagnese
1%
Roncaro
1%
Rosasco
1%
Ruino
1%
Saltrio
1%
San Cipriano Po
1%
San Fiorano
1%
San Genesio ed Uniti
1%
San Giacomo delle Segnate
1%
San Giorgio di Lomellina
1%
San Giovanni del Dosso
1%
San Martino dall'Argine
1%
Santa Cristina e Bissone
1%
Santa Giuletta
1%
Santa Margherita di Staffora
1%
Santa Maria della Versa
1%
San Zenone al Po
1%
Scaldasole
1%
Schivenoglia
1%
Secugnago
1%
Serravalle a Po
1%
Silvano Pietra
1%
Solarolo Rainerio
1%
Sommo
1%
Spessa
1%
Spineda
1%
Suardi
1%
Terranova dei Passerini
1%
Torlino Vimercati
1%
Tornata
1%
Torrazza Coste
1%
Torre Beretti e Castellaro
1%
Torre d'Arese
1%
Torre de Negri
1%
Torrevecchia Pia
1%
Torricella del Pizzo
1%
Torricella Verzate
1%
Trivolzio
1%
Tromello
1%
Tronzano Lago Maggiore
1%
Trovo
1%
Turano Lodigiano
1%
Val di Nizza
1%
Valera Fratta
1%
Valle Lomellina
1%
Valle Salimbene
1%
Vellezzo Bellini
1%
Verretto
1%
Verrua Po
1%
Villa Biscossi
1%
Villanova d'Ardenghi
1%
Villanova del Sillaro
1%
Villanterio
1%
Vistarino
1%
Volongo
1%
Volpara
1%
Voltido
1%
Zeccone
1%
Zenevredo
1%
Zerbo
1%
Zerbolò
1%
Zinasco
1%
Brissago-Valtravaglia
0%
Galliavola
0%
Mezzana Rabattone
0%
Mont— Beccaria
0%
Montescano
0%
Montesegale
0%
Pancarana
0%
Pieve Albignola
0%
Rognano
0%
Rovescala
0%
San Damiano al Colle
0%
Sangiano
0%
Sant'Angelo Lomellina
0%
Semiana
0%
Velezzo Lomellina
0%

Distribuzione punteggi

Percentile per numero di risposta

Percentuale di utenti per punteggio

I tuoi punteggi nel tempo

Non hai fatto questo quiz dall'ultimo reset